Activity stabilises in December, while new orders increase total activity (Record no. 113112)

MARC details
000 -LEADER
fixed length control field 00908cad a22002055a 4500
001 - CONTROL NUMBER
control field L154697
008 - FIXED-LENGTH DATA ELEMENTS--GENERAL INFORMATION
fixed length control field 120113e20120109xxk f 000 0 eng d
035 ## - SYSTEM CONTROL NUMBER
System control number (Sirsi) u154697
041 0# - LANGUAGE CODE
Language code of text/sound track or separate title eng
110 2# - MAIN ENTRY--CORPORATE NAME
Corporate name or jurisdiction name as entry element Markit
9 (RLIN) 5915
245 00 - TITLE STATEMENT
Title Activity stabilises in December, while new orders increase total activity
Medium [electronic resource]
260 ## - PUBLICATION, DISTRIBUTION, ETC.
Date of publication, distribution, etc. 2012
490 ## - SERIES STATEMENT
Series statement Ulster Bank Construction PMI Report News Release
Volume/sequential designation 9 January 2012
520 ## - SUMMARY, ETC.
Summary, etc. Total activity at Irish construction firms fell only marginally during December and new orders rose, suggesting a stabilisation of the sector at the end of 2011 in the Republic of Ireland.
590 ## - LOCAL NOTE (RLIN)
Local note KA
651 #4 - SUBJECT ADDED ENTRY--GEOGRAPHIC NAME
Geographic name Ireland (Republic of)
Chronological subdivision
690 ## - LOCAL SUBJECT ADDED ENTRY--TOPICAL TERM (OCLC, RLIN)
Topical term or geographic name as entry element Construction management
9 (RLIN) 6230
856 40 - ELECTRONIC LOCATION AND ACCESS
Uniform Resource Identifier <a href="https://www.markiteconomics.com/MarkitFiles/Pages/ViewPressRelease.aspx?ID=9034">https://www.markiteconomics.com/MarkitFiles/Pages/ViewPressRelease.aspx?ID=9034</a>
Public note View this item free of charge at www.markiteconomics.com
942 ## - ADDED ENTRY ELEMENTS (KOHA)
Suppress in OPAC 0
Holdings
Withdrawn status Lost status Source of classification or shelving scheme Damaged status Not for loan Home library Current library Shelving location Date acquired Total Checkouts Full call number Barcode Date last seen Copy number Price effective from Koha item type
    Dewey Decimal Classification     Virtual Virtual Online 13/01/2012   ONLINE PUBLICATION 154697-2001 06/08/2019 1 06/08/2019 Book